Szczegóły MARC21

Cenzura w dawnej Polsce : między prasą drukarską a stosem /

003 -Nazwa inst., której nr kontr. jest w polu 001 [,]
    • @
    • Nazwa instytucji, której n kontrolny jest w polu 001
    • NUKAT
005 -DATA I CZAS OSTATNIEJ MODYFIKACJI [,]
    • @
    • pole kontrolne
    • 20260413133048.0
020 -Międzynarod. znormalizowany nr książki - ISBN [ , ]
    • a
    • Numer ISBN
    • 8385778802 Find
040 -Instytucja sporządzająca opis [ , ]
    • a
    • Instytucja, która sporządziła opis (NP)
    • KR 295/mg
    • c
    • Instytucja, która sporządziła rekord (NP)
    • KR 295/mg
    • d
    • Instytucja, która zmodyfikowała rekord (P)
    • KR 295/mg
    • d
    • Instytucja, która zmodyfikowała rekord (P)
    • KR 295/MOs
    • d
    • Instytucja, która zmodyfikowała rekord (P)
    • WA U/BO
041 -Język dokumentu [0, ]
    • a
    • Język tekstu (P)
    • polski
    • b
    • Język streszczeń lub abstraktu (P)
    • angielski
942 -Rodzaj dokumentu [ , ]
    • c
    • Rodzaj dokumentu
    • Książka
100 -Hasło główne - nazwa osobowa [1, ]
    • a
    • Nazwa osobowa (NP)
    • Buchwald-Pelcowa, Paulina
    • d
    • Daty biograficzne (NP)
    • (1934-2021).
    • 9
    • KHW
    • 8762
245 -Strefa tytułu i oznaczenia odpowiedzialności [1,0]
    • a
    • Tytuł
    • Cenzura w dawnej Polsce : Find
    • b
    • Ciąg dalszy tytułu (NP)
    • między prasą drukarską a stosem / Find
    • c
    • Pozostałe elementy strefy tytułu i oznaczenia odpowiedzialności (NP)
    • Paulina Buchwald-Pelcowa.
246 -Wariant tytułu [1,5]
    • a
    • Tytuł (NP)
    • Censorship in ancient Poland
260 -Strefa adresu wydawniczego [ , ]
    • a
    • Miejsce wydania (P)
    • Warszawa :
    • b
    • Nazwa wydawcy (P)
    • Wydaw. SBP,
    • c
    • Data wydania (P)
    • 1997.
300 -Strefa opisu fizycznego [ , ]
    • a
    • Określenie formy książki i/lub objętość (NP)
    • 289, [1] s. :
    • b
    • Oznaczenie ilustracji (NP)
    • il. ;
    • c
    • Format (NP)
    • 21 cm.
336 -Typ zawartości [ , ]
    • a
    • Termin opisujący typ zawartości
    • Tekst
    • b
    • Kod określający zawartość
    • txt
    • 2
    • Źródło (terminu i kodu)
    • rdacontent
337 -Typ mediów [ , ]
    • a
    • Tryb odtwarzania
    • Bez urządzenia pośredniczącego
    • b
    • Kod typu mediów
    • n
    • 2
    • Źródło (terminu i kodu)
    • rdamedia
338 -Typ/rodzaj nośnika [ , ]
    • a
    • Hasło opisujące typ nośnika
    • Wolumin
    • b
    • Kod typu nośnika
    • nc
    • 2
    • Źródło (terminu i kodu)
    • rdacarrier
380 -Deskryptor - Forma dzieła (P) [ , ]
    • a
    • forma dzieła (NP)
    • Książki
490 -Strefa serii i książki wielotomowej - forma nie do wyszukiwania [1, ]
    • a
    • Tytuł (P)
    • Nauka, Dydaktyka, Praktyka ; Find
    • v
    • Numeracja (P)
    • 24
830 -Hasło dodatkowe serii i opisu książki wielotomowej - tytuł ujednolicony/tytuł [ ,0]
    • a
    • Tytuł ujednolicony/tytuł (NP)
    • Nauka, Dydaktyka, Praktyka
    • v
    • Oznaczenie tomu (NP)
    • 24
    • 9
    • KHW
    • 7614
504 -Uwaga dot. bibliogr. załącznikowej [ , ]
    • a
    • Uwaga dot. bibliografii załącznikowej
    • Bibliogr. s. 241-[264]. Indeks.
546 -Uwaga dot. języka [ , ]
    • a
    • Uwaga dot. języka
    • Druga s. tyt. ang.
546 -Uwaga dot. języka [ , ]
    • a
    • Uwaga dot. języka
    • Spis treści i streszcz. również ang.
080 -Uniwersalna Klasyfikacja Dziesiętna [ , ]
    • a
    • Symbol klasyfikacji
    • 002.2(091)(438)"15/17"
080 -Uniwersalna Klasyfikacja Dziesiętna [ , ]
    • a
    • Symbol klasyfikacji
    • :098.1(438)"15/17"
080 -Uniwersalna Klasyfikacja Dziesiętna [ , ]
    • a
    • Symbol klasyfikacji
    • :265.65(438)"15/17"
648 -Hasło przedmiotowe - chronologia [ ,7]
    • a
    • Deskryptor chronologiczny
    • 1501-1600
    • 2
    • Źródło terminu
    • DBN
    • 9
    • KHW
    • 720979
648 -Hasło przedmiotowe - chronologia [ ,7]
    • a
    • Deskryptor chronologiczny
    • 1601-1700
    • 2
    • Źródło terminu
    • DBN
    • 9
    • KHW
    • 720980
648 -Hasło przedmiotowe - chronologia [ ,7]
    • a
    • Deskryptor chronologiczny
    • 1701-1800
    • 2
    • Źródło terminu
    • DBN
    • 9
    • KHW
    • 720982
650 -Hasło przedmiotowe [ ,7]
    • a
    • Hasło przedmiotowe
    • Cenzura
    • 2
    • Źródło terminu
    • DBN
    • 9
    • KHW
    • 723746
650 -Hasło przedmiotowe [ ,7]
    • a
    • Hasło przedmiotowe
    • Cenzura
    • z
    • Określnik geograficzny
    • Polska
    • x
    • Określnik rzeczowy
    • historia.
    • 2
    • Źródło terminu
    • kaba
    • 9
    • KHW
    • 481975
650 -Hasło przedmiotowe [ ,7]
    • a
    • Hasło przedmiotowe
    • Książki zakazane
    • z
    • Określnik geograficzny
    • Polska
    • x
    • Określnik rzeczowy
    • historia.
    • 2
    • Źródło terminu
    • kaba
    • 9
    • KHW
    • 610270
651 -Hasło przedmiotowe w formie nazwy geograficznej [ ,7]
    • a
    • Nazwa geograficzna
    • Polska
    • 2
    • Źródło terminu
    • DBN
    • 9
    • KHW
    • 721438
658 -Ujęcie treści [ , ]
    • a
    • dziedzina nauki i sztuki/ sfera aktywności życiowej
    • Historia
658 -Ujęcie treści [ , ]
    • a
    • dziedzina nauki i sztuki/ sfera aktywności życiowej
    • Polityka, politologia, administracja publiczna
980 -Symbol UKD [ , ]
    • a
    • UKD
    • 002.2(091):098.1:265.65](438)"15/17"
710 -Hasło dodatkowe - nazwa ciała zbiorowego [2, ]
    • a
    • Nazwa ciała zbiorowego lub nazwa geograficzna jako pierwszy element (NP)
    • Stowarzyszenie Bibliotekarzy Polskich.
    • b
    • Nazwa jednostki podrzędnej (P)
    • Wydawnictwo.
    • 4
    • Kod relacji
    • pbl
    • 9
    • KHW
    • 52190
920 -ISBN [ , ]
    • a
    • ISBN
    • 83-85778-80-2 Find
Lokalizacja Data inwentaryzacji Status udost. Numer inwentarzowy Sygnatura
BE1998-12-04-2E.65838 
BG1998-12-041Z.92865Z.92865
BM1998-12-041P.14941